|
|
|
|
| LEADER |
00000cam a2200000 7i4500 |
| 001 |
0000005224 |
| 002 |
000005646 |
| 005 |
20000330.0 |
| 020 |
|
|
|a 090671740X
|
| 090 |
0 |
0 |
|a 428.2
|b LEW
|
| 100 |
1 |
|
|a Lewis, Michael
|
| 245 |
1 |
4 |
|a The english verb :
|b An exploration of structure and meaning
|c Michael Lewis
|
| 260 |
|
|
|a London :
|b Language Teaching Publications ,
|c 1986
|
| 300 |
|
|
|a 180p. :
|b ill ;
|c 24cm.
|
| 650 |
0 |
0 |
|a English language
|x Vocabulary
|
| 999 |
|
|
|a 030391
|b BUKU
|c PINJAMAN
|e PERPUSTAKAAN KOMUNITI PETALING JAYA
|
| 999 |
|
|
|a 030392
|b BUKU
|c PINJAMAN
|e PERPUSTAKAAN KOMUNITI PETALING JAYA
|